000 00228nam a2200097Ia 4500
008 240331s9999 xx 000 0 und d
082 _bRAM
100 _aRamasamy, T
245 0 _aThamil samuthayamum naaddupura panpadum
942 _cL
999 _c2110
_d2110